000 00235 a2200097 4500
001 34495
100 _aFerozsons
245 _aFerozsons Concise Dictionary English to Urdu
260 _aLahore
_bFerozsons
_c1983
090 _c22781
_d22781
942 _aNUST-CAE
_cM
_c14204
999 _c269568
_d269568